Con người, môi trường và văn hóa
Giới thiệu văn hoá truyền thống, văn hoá cổ truyền, phân kì văn hoá Việt Nam trong quan hệ giữa con người, môi trường và văn hoá, ứng xử văn hoá của người Việt với nước, các lễ hội, trang phục, ẩm thực, luật tục của người Việt. Vai trò của văn hoá dân gian trong việc thể hiện bản sắc văn hoá dân tộc...
محفوظ في:
| المؤلف الرئيسي: | |
|---|---|
| التنسيق: | كتاب |
| اللغة: | Vietnamese |
| منشور في: |
H.
Khoa học xã hội
2014
|
| الموضوعات: | |
| الوسوم: |
إضافة وسم
لا توجد وسوم, كن أول من يضع وسما على هذه التسجيلة!
|
| Thư viện lưu trữ: | Mạng thư viện Đại học Đà Nẵng |
|---|
| LEADER | 02019aam a22004098a 4500 | ||
|---|---|---|---|
| 001 | 000020680 | ||
| 003 | 17127 | ||
| 005 | 20150331100302.0 | ||
| 008 | 150325s2014 viesd | ||
| 020 | |d 2000b | ||
| 041 | 0 | |a vie | |
| 082 | 0 | 4 | |2 23 |a 390.09597 |b NG-K |
| 100 | 1 | |a Nguyễn Xuân Kính | |
| 245 | 1 | 0 | |a Con người, môi trường và văn hóa |c Nguyễn Xuân Kính |
| 260 | |a H. |b Khoa học xã hội |c 2014 | ||
| 300 | |a 726 tr. |b bảng |c 21 cm. | ||
| 500 | |a ĐTTS ghi: Hội Văn nghệ dân gian Việt Nam | ||
| 504 | |a Thư mục tr.725-726 | ||
| 520 | |a Giới thiệu văn hoá truyền thống, văn hoá cổ truyền, phân kì văn hoá Việt Nam trong quan hệ giữa con người, môi trường và văn hoá, ứng xử văn hoá của người Việt với nước, các lễ hội, trang phục, ẩm thực, luật tục của người Việt. Vai trò của văn hoá dân gian trong việc thể hiện bản sắc văn hoá dân tộc. Những quan niệm của nhà nho và người nông dân về gia đình, những hiểu biết về nghệ nhân dân gian, nghề và làng nghề, văn hoá dân gian, về vấn đề xã hội, và về người trí thức trong các nước có truyền thống Nho học phương Đông... | ||
| 650 | 0 | 4 | |a Văn hóa dân gian |z Việt Nam |
| 650 | 7 | |2 Bộ TK TVQG | |
| 650 | 7 | |2 Bộ TK TVQG | |
| 651 | 7 | |2 Bộ TK TVQG |a Việt Nam | |
| 653 | |a Văn hóa dân gian | ||
| 653 | |a Văn hóa cổ truyền | ||
| 653 | |a Con người | ||
| 653 | |a Môi trường | ||
| OWN | |a LSP | ||
| AVA | |a UDN50 |b LSP |d 390.09597 NG-K |e available |t Error 5001 Not defined in file expand_doc_bib_avail. |f 1 |g 0 |h N |i 0 |k 1 | ||
| 999 | |a From the UDN01 | ||
| AVA | |a UDN50 |b LSP |d 390.09597 NG-K |e available |t Error 5001 Not defined in file expand_doc_bib_avail. |f 1 |g 0 |h N |i 0 |k 1 | ||
| TYP | |a Monograph | ||
| TYP | |a Printed language | ||
| 980 | |a Mạng thư viện Đại học Đà Nẵng | ||